000 00626nam a2200217Ii 4500
003 JO-AjNU
008 230606s9999||||xx |||||||||||||| ||und||
020 _a978-259-25315-7
040 _aJO-AjNU
_beng
_erda
_cJO-AjNU
041 _aeng
050 1 4 _aQA76.758.P75.2015
100 3 _aMaxim,Brucs/Pressman,Roger,
_eauthor
_93921
245 0 0 _aSoftware Engineering Apractitioners Approach
250 _a8 ed
264 3 1 _aLondon:Mcgraw-hill,2015
300 _a940p
336 _atext
_btxt
_2rdacontent
337 _aunmediated
_bn
_2rdamedia
338 _avolume
_bnc
_2rdacarrier
650 4 _aSoftware Engineering
_93922
999 _aE2044
_c2043
_d2043